Atlas des énergies mondiales : (Record no. 125470)

MARC details
000 -LEADER
campo de control de longitud fija 02105nam a22003257a 4500
003 - IDENTIFICADOR DE NÚMERO DE CONTROL
campo de control BJBSDDR
005 - FECHA Y HORA DE LA ÚLTIMA TRANSACCIÓN
campo de control 20251201152046.0
007 - CAMPO FIJO DE DESCRIPCIÓN FÍSICA--INFORMACIÓN GENERAL
campo de control de longitud fija ta
008 - DATOS DE LONGITUD FIJA--INFORMACIÓN GENERAL
campo de control de longitud fija 251009s2021 fr ||||| |||| 00| 0 fre d
020 ## - NÚMERO INTERNACIONAL ESTÁNDAR DEL LIBRO
Número Internacional Estándar del Libro 2746760533
020 ## - NÚMERO INTERNACIONAL ESTÁNDAR DEL LIBRO
Número Internacional Estándar del Libro 9782746760530
040 ## - FUENTE DE CATALOGACIÓN
Lengua de catalogación eng
Centro/agencia transcriptor DLC
041 ## - CÓDIGO DE IDIOMA
Código de lengua del texto/banda sonora o título independiente fre
050 14 - SIGNATURA TOPOGRÁFICA DE LA BIBLIOTECA DEL CONGRESO
Número de clasificación R G 1046
Número de ítem M559a 2021
100 1# - ENTRADA PRINCIPAL--NOMBRE DE PERSONA
Nombre de persona Mérenne-Schoumaker, Bernadette,
Fechas asociadas al nombre 1943-
9 (RLIN) 45216
245 10 - MENCIÓN DEL TÍTULO
Título Atlas des énergies mondiales :
Resto del título vers un monde plus vert? /
Mención de responsabilidad, etc. Bernadette Mérenne-Schoumaker et Bertrand Barré ; Cartographie de Anne Bailly.
250 ## - MENCION DE EDICION
Mención de edición Cinquième édition
260 ## - PUBLICACIÓN, DISTRIBUCIÓN, ETC.
Lugar de publicación, distribución, etc. Paris :
Nombre del editor, distribuidor, etc. Éditions Autrement,
Fecha de publicación, distribución, etc. 2021
300 ## - DESCRIPCIÓN FÍSICA
Extensión 95 pages :
Otras características físicas illustrations en couleurs, graphiques ;
Dimensiones 26 cm.
490 1# - MENCIÓN DE SERIE
Mención de serie Collection Atlas/Monde
504 ## - NOTA DE BIBLIOGRAFÍA, ETC.
Nota de bibliografía, etc. Includes bibliographical references and index
520 ## - RESUMEN, ETC.
Sumario, etc. Pour vivre, produire et faire fonctionner l'économie mondiale, nous avons besoin d'énergie. Cependant, sa production et sa consommation nous placent devant de nombreux défis. Cet atlas met ainsi en lumière : Les ressources disponibles, avec la diminution de l'utilisation des énergies fossiles et la montée en puissance des énergies renouvelables. Le défi du changement climatique, avec une transition énergétique indispensable et la réduction des gaz à effet de serre qui l'accompagne. Les stratégies mises en place pour sécuriser l'approvisionnement en énergies et pour protéger l'environnement. Le rôle des acteurs non étatiques, notamment les grandes firmes énergétiques qui possèdent les sites de production. Cette cinquième édition, et ses plus de 150 cartes et documents, a été entièrement mise à jour pour mettre en lumière les nouveaux enjeux de la transition énergétique mondiale. --Quatrième de couverture
650 #4 - PUNTO DE ACCESO ADICIONAL DE MATERIA--TÉRMINO DE MATERIA
Término de materia o nombre geográfico como elemento de entrada Recursos energéticos
9 (RLIN) 1452
Subdivisión de forma Mapas
650 #4 - PUNTO DE ACCESO ADICIONAL DE MATERIA--TÉRMINO DE MATERIA
Término de materia o nombre geográfico como elemento de entrada Desarrollo energético
9 (RLIN) 8824
Subdivisión de forma Mapas
650 #4 - PUNTO DE ACCESO ADICIONAL DE MATERIA--TÉRMINO DE MATERIA
Término de materia o nombre geográfico como elemento de entrada Consumo de energía
9 (RLIN) 8825
Subdivisión de forma Mapas
700 1# - ENTRADA AGREGADA--NOMBRE PERSONAL
Nombre de persona Barré, Bertrand,
Fechas asociadas al nombre 1942-
9 (RLIN) 35121
700 1# - ENTRADA AGREGADA--NOMBRE PERSONAL
Nombre de persona Bailly, Anne,
Fechas asociadas al nombre 1948-
9 (RLIN) 45217
Término indicativo de función/relación cartographe
830 #0 - PUNTO DE ACCESO ADICIONAL DE SERIE-TÍTULO UNIFORME
Título uniforme Collection Atlas-monde
9 (RLIN) 15969
942 ## - ELEMENTOS DE ENTRADA SECUNDARIOS (KOHA)
Fuente del sistema de clasificación o colocación Clasificación de Library of Congress
Tipo de ítem Koha Libro
Holdings
Estatus retirado Estado de pérdida Fuente del sistema de clasificación o colocación Estado de daño No para préstamo Colección Biblioteca de origen Biblioteca actual Ubicación en estantería Fecha de adquisición Signatura topográfica completa Código de barras Visto por última vez Copia número Tipo de ítem Koha
    Clasificación de Library of Congress     Referencia Biblioteca Juan Bosch Biblioteca Juan Bosch Referencia (1er. Piso) 09/10/2025 R G 1046 M559a 2021 00000195773 09/10/2025 1 Libro